000
00254nam a2200097Ia 4500
001
642361
005
20250826153525.0
008
250824s9999 xx 000 0 und d
245
0
_a
Erasmus Altın Düşüncenin Ustaları
_c
James McConica
260
_b
ALTIN
999
_c
642361
_d
642361